| 000 | 00528nam a2200181Ia 4500 | ||
|---|---|---|---|
| 999 |
_c28305 _d28305 |
||
| 003 | OSt | ||
| 005 | 20201130104936.0 | ||
| 008 | 190216s9999||||xx |||||||||||||| ||und|| | ||
| 020 | _a9788130002057 | ||
| 040 | _coclc | ||
| 082 |
_a894.8124 _bKAR/N |
||
| 100 |
_aKarassery, M N _91986 |
||
| 245 | 0 |
_aNireekshanathinte Rekhakal / _cM N Karassery |
|
| 260 |
_bPoorna Publications, _c2005. _aKozhikode: |
||
| 300 | _a71p | ||
| 650 | _aMalayalam Essays | ||
| 942 |
_cBK _2ddc _h894.8124 _iKAR/N _k894.8124 _mKAR/N |
||